Применение s-функции для синтеза эмоционально окрашенного звучания гласных букв; Молодежь и современные информационные технологии

Detalles Bibliográficos
Parent link:Молодежь и современные информационные технологии.— 2021.— [С. 132-134]
Autor Principal: Фадеев А. С. Александр Сергеевич
Autor Corporativo: Национальный исследовательский Томский политехнический университет Инженерная школа информационных технологий и робототехники Отделение информационных технологий
Outros autores: Лань Гунбо
Summary:Заглавие с титульного экрана
Idioma:ruso
Publicado: 2021
Series:Цифровизация, IT и цифровая экономика
Subjects:
Acceso en liña:http://earchive.tpu.ru/handle/11683/68032
Formato: MixedMaterials Electrónico Capítulo de libro
KOHA link:https://koha.lib.tpu.ru/cgi-bin/koha/opac-detail.pl?biblionumber=633171

MARC

LEADER 00000naa2a2200000 4500
001 633171
005 20231215105613.0
035 |a (RuTPU)RU\TPU\conf\34919 
035 |a RU\TPU\conf\34917 
090 |a 633171 
100 |a 20210705d2021 k y0rusy50 ca 
101 0 |a rus 
102 |a RU 
105 |a y z 101zy 
135 |a drgn ---uucaa 
181 0 |a i  
182 0 |a b 
200 1 |a Применение s-функции для синтеза эмоционально окрашенного звучания гласных букв  |f А. С. Фадеев, Лань Гунбо 
203 |a Текст  |c электронный 
225 1 |a Цифровизация, IT и цифровая экономика 
300 |a Заглавие с титульного экрана 
320 |a [Библиогр.: с. 134 (5 назв.)] 
463 0 |0 (RuTPU)RU\TPU\conf\34857  |t Молодежь и современные информационные технологии  |o сборник трудов XVIII Международной научно-практической конференции студентов, аспирантов и молодых учёных, 22-26 марта 2021 г., г. Томск  |f Национальный исследовательский Томский политехнический университет, Инженерная школа информационных технологий и робототехники ; под ред. Н. Г. Маркова [и др.]  |v [С. 132-134]  |d 2021 
610 1 |a электронный ресурс 
610 1 |a труды учёных ТПУ 
610 1 |a функции 
610 1 |a синтез 
610 1 |a звучание 
610 1 |a компьютерные технологии 
610 1 |a эмоциональные свойства 
610 1 |a речь 
610 1 |a частоты 
610 1 |a звуки 
610 1 |a математические модели 
610 1 |a фонемы 
610 1 |a интонация 
610 1 |a гласные буквы 
700 1 |a Фадеев  |b А. С.  |c специалист в области информатики и вычислительной техники  |c проректор по цифровизации - директор центра цифровых образовательных технологий, доцент Томского политехнического университета, кандидат технических наук  |f 1981-  |g Александр Сергеевич  |3 (RuTPU)RU\TPU\pers\29662  |9 14175 
701 0 |a Лань Гунбо 
712 0 2 |a Национальный исследовательский Томский политехнический университет  |b Инженерная школа информационных технологий и робототехники  |b Отделение информационных технологий  |3 (RuTPU)RU\TPU\col\23515 
801 2 |a RU  |b 63413507  |c 20210809  |g RCR 
856 4 |u http://earchive.tpu.ru/handle/11683/68032 
942 |c BK